A Contrastive Analysis of Linguistic Features of the Adjective“Black” in English and “Den” in Vietnamese /

This paper is a contrastive analysis of linguistic features of the adjective Black in English and Đen in Vietnamese. For observation and analysis, the data of 300 adjectives Black and 300 adjectives Đen as well as 300 samples ….

Uloženo v:
Podrobná bibliografie
Hlavní autor: Phan Thị Lệ Huyền
Další autoři: Tran Van Phuoc huong dan
Médium: Diplomová práce
Jazyk:English
Vydáno: 2011.
Témata:
Tagy: Přidat tag
Žádné tagy, Buďte první, kdo otaguje tento záznam!
Thư viện lưu trữ: Mạng thư viện Đại học Đà Nẵng
LEADER 01630na a2200361 4500
001 000030934
003 4998
005 20221209080358.0
008 151001s2011 000 eng
040 |a LNN 
041 |a ENG 
082 |a 420.4  |b PH-H 
100 |a Phan Thị Lệ Huyền 
245 2 |a A Contrastive Analysis of Linguistic Features of the Adjective“Black” in English and “Den” in Vietnamese /  |c Phan Thị Lệ Huyền. 
260 |c 2011. 
300 |a 88tr. : mh ; 30cm. 
502 |a Master thesis in the English language. 
520 |a This paper is a contrastive analysis of linguistic features of the adjective Black in English and Đen in Vietnamese. For observation and analysis, the data of 300 adjectives Black and 300 adjectives Đen as well as 300 samples …. 
650 |a A Contrastive Analysis of Linguistic Features of the Adjective“Black” in English and “Den” in Vietnamese, Adjective, 2011, Phan Thị Lệ Huyền 
700 |a Tran Van Phuoc  |B Assoc.Prof. Dr.,  |a huong dan 
852 |c Luận văn Thạc sĩ 
OWN |a LNN 
AVA |a UDN50  |b LNN  |c English  |d 420.4 PH-H  |e available  |t Error 5001 Not defined in file expand_doc_bib_avail.  |f 1  |g 0  |h N  |i 0  |j AN  |k 1 
999 |a From the UDN01 
AVA |a UDN50  |b LNN  |c English  |d 420.4 PH-H  |e available  |t Error 5001 Not defined in file expand_doc_bib_avail.  |f 1  |g 0  |h N  |i 0  |j AN  |k 1 
TYP |a Dissertation 
TYP |a Printed language 
980 |a Mạng thư viện Đại học Đà Nẵng